A Study of the practices of high school students of SIS. (Record no. 96370)
[ view plain ]
| 000 -LEADER | |
|---|---|
| fixed length control field | 00330nam a2200121 a 4500 |
| 005 - DATE AND TIME OF LATEST TRANSACTION | |
| control field | 20140408090028.0 |
| 008 - FIXED-LENGTH DATA ELEMENTS--GENERAL INFORMATION | |
| fixed length control field | 021125s19uu xx 00 eng d |
| 050 ## - LIBRARY OF CONGRESS CALL NUMBER | |
| Classification number | PHS '00 |
| Item number | So4 #40 |
| 050 ## - LIBRARY OF CONGRESS CALL NUMBER | |
| Classification number | PHS '00 |
| Item number | So4 #40 |
| 100 ## - MAIN ENTRY--PERSONAL NAME | |
| Personal name | Solidum, Carlene |
| 245 ## - TITLE STATEMENT | |
| Title | A Study of the practices of high school students of SIS. |
| 942 ## - ADDED ENTRY ELEMENTS (KOHA) | |
| Koha item type | PASS |
| Withdrawn status | Lost status | Source of classification or shelving scheme | Damaged status | Home library | Current library | Shelving location | Date acquired | Source of acquisition | Total Checkouts | Full call number | Barcode | Date last seen | Price effective from | Koha item type |
|---|---|---|---|---|---|---|---|---|---|---|---|---|---|---|
| Library of Congress Classification | Luxembourg Library | Luxembourg Library | Portfolio Assessment of SISC Students Section | 11/25/2002 | Donation | PHS '00 So4 #40 c.1 | P0314 | 04/08/2014 | 04/08/2014 | PASS | ||||
| Library of Congress Classification | Luxembourg Library | Luxembourg Library | Portfolio Assessment of SISC Students Section | 06/02/2003 | Donation | PHS '00 So4 #40 c.2 | P0339 | 04/08/2014 | 04/08/2014 | PASS |